000 00575nam a22001937a 4500
003 KOHA_MİRAKIL
005 20260324114213.0
008 260324b tu ||||| |||| 00| 0 tur d
020 _a9756288183
040 _aTR-AnABB
_btur
_cTR-AnABB
041 _atur
082 _a320.9
_bÖZD 2004
100 1 _aÖzden, Yekta Güngör
245 1 0 _aMüdafaa-i Hukuk Ruhu Kuvayı Milliye Ateşi /
_cYekta Güngör Özden
260 _aİstanbul :
_bİleri Yayınları,
_c2004
300 _a484 sayfa :
_c20 cm
650 0 4 _aSiyasi tarih, Türkiye
942 _2ddc
_cBK
999 _c10005
_d10005
900 _bCem ÖZOGLU